MARC details
| 000 -LEADER |
| fixed length control field |
01757cam a2200409Ia 4500 |
| 001 - CONTROL NUMBER |
| control field |
163094924 |
| 003 - CONTROL NUMBER IDENTIFIER |
| control field |
OCoLC |
| 005 - DATE AND TIME OF LATEST TRANSACTION |
| control field |
20230611203647.0 |
| 008 - FIXED-LENGTH DATA ELEMENTS--GENERAL INFORMATION |
| fixed length control field |
070807s2007 nyua d 000 0 eng d |
| 020 ## - INTERNATIONAL STANDARD BOOK NUMBER |
| International Standard Book Number |
9789812680334 |
| Qualifying information |
(paperback) |
| 020 ## - INTERNATIONAL STANDARD BOOK NUMBER |
| International Standard Book Number |
9812680330 |
| Qualifying information |
(paperback) |
| 040 ## - CATALOGING SOURCE |
| Original cataloging agency |
SDL |
| Language of cataloging |
eng |
| Transcribing agency |
SDL |
| Modifying agency |
BAKER |
| -- |
CPL |
| -- |
YDXCP |
| -- |
BTCTA |
| -- |
C6C |
| -- |
OCLCF |
| -- |
OCLCO |
| -- |
OCLCQ |
| -- |
JDP |
| -- |
OCLCO |
| -- |
OCL |
| 041 0# - LANGUAGE CODE |
| Language code of text/sound track or separate title |
eng |
| -- |
spa |
| 050 #4 - LIBRARY OF CONGRESS CALL NUMBER |
| Classification number |
PC4121 |
| Item number |
.S6766 2007x |
| 082 04 - DEWEY DECIMAL CLASSIFICATION NUMBER |
| Classification number |
468.3/421 |
| Edition number |
22 |
| 092 ## - LOCALLY ASSIGNED DEWEY CALL NUMBER (OCLC) |
| Classification number |
LANG LEARN 468.3421 SPA |
| 245 00 - TITLE STATEMENT |
| Title |
Spanish phrase book & dictionary. |
| 246 30 - VARYING FORM OF TITLE |
| Title proper/short title |
Spanish phrase book and dictionary. |
| 246 1# - VARYING FORM OF TITLE |
| Display text |
At head of title: |
| Title proper/short title |
Berlitz. |
| 246 3# - VARYING FORM OF TITLE |
| Title proper/short title |
Berlitz Spanish phrase book & dictionary. |
| 260 ## - PUBLICATION, DISTRIBUTION, ETC. (IMPRINT) |
| Place of publication, distribution, etc. |
New York : |
| Name of publisher, distributor, etc. |
Berlitz Pub., |
| Date of publication, distribution, etc. |
c2007. |
| 300 ## - PHYSICAL DESCRIPTION |
| Extent |
223 pages : |
| Other physical details |
color illustrations ; |
| Dimensions |
15 cm. |
| 336 ## - CONTENT TYPE |
| Content type term |
text |
| Content type code |
txt |
| Source |
rdacontent. |
| 337 ## - MEDIA TYPE |
| Media type term |
unmediated |
| Media type code |
n |
| Source |
rdamedia. |
| 338 ## - CARRIER TYPE |
| Carrier type term |
volume |
| Carrier type code |
nc |
| Source |
rdacarrier. |
| 520 ## - SUMMARY, ETC. |
| Summary, etc. |
Meet and greet locals easily and comfortably using the Berlitz Phrase Book, the unparalleled market leader in foreign language books. Perfect for both business travelers and vacationers, this easy-to-use, color-coded reference contains essential expressions, a bilingual dictionary, and menu reader. |
| 650 #0 - SUBJECT ADDED ENTRY--TOPICAL TERM |
| Topical term or geographic name as entry element |
Spanish language |
| Form subdivision |
Conversation and phrase books |
| General subdivision |
English. |
| 650 #0 - SUBJECT ADDED ENTRY--TOPICAL TERM |
| Topical term or geographic name as entry element |
Spanish language materials |
| General subdivision |
Bilingual. |
| 650 #7 - SUBJECT ADDED ENTRY--TOPICAL TERM |
| Topical term or geographic name as entry element |
Spanish language. |
| Source of heading or term |
fast |
| Authority record control number |
(OCoLC)fst01128292. |
| 655 #7 - INDEX TERM--GENRE/FORM |
| Genre/form data or focus term |
Phrase books. |
| Source of term |
fast |
| Authority record control number |
(OCoLC)fst01920778. |
| 655 #7 - INDEX TERM--GENRE/FORM |
| Genre/form data or focus term |
Dictionaries. |
| Source of term |
fast |
| Authority record control number |
(OCoLC)fst01423826. |
| 655 #7 - INDEX TERM--GENRE/FORM |
| Genre/form data or focus term |
Conversation and phrase books. |
| Source of term |
fast |
| Authority record control number |
(OCoLC)fst01423775. |
| 655 #7 - INDEX TERM--GENRE/FORM |
| Genre/form data or focus term |
Dictionaries. |
| Source of term |
lcgft. |
| 655 #7 - INDEX TERM--GENRE/FORM |
| Genre/form data or focus term |
Phrase books. |
| Source of term |
lcgft. |
| 710 2# - ADDED ENTRY--CORPORATE NAME |
| Corporate name or jurisdiction name as entry element |
Berlitz Publishing Company. |
| 942 ## - ADDED ENTRY ELEMENTS (KOHA) |
| Koha item type |
Libro/Book |